00923nam a2200217 i 450000100060000000300090000600500170001500700030003200800410003508000280007608000280010424501730013226000750030530000210038065000460040165000410044771000450048885200330053399900170056695201220058391818ES-MaACL20230906180826.0t|050222s2004 sp ||||1| spa d a821.134.2-32"19"(082.2) a821.134.2-14"19"(082.2)00aVIII Premio de Poesía Rincón Poético. XIV Premio de Relatos Cortos. XVII Pregón de la Feria de la Manzanilla b: Ateneo de Sanlúcar, Sanlúcar de Bda., 2004. aSanlúcar de Barrameda : bAteneo de Sanlúcar de Barrameda, c2004. a83 p. ; c21 cm. 4aNovelas cortas españolas-yS.XX.915633 4aPoesías españolas-yS.XX.9162212 aAteneo de Sanlúcar de Barrameda.92022 aES-MaACLjL-28868 bR.135286 c91818d91818 00104070aATENEOMbATENEOMcDEPO2d2008-01-17eSCl0oL-28868p1095867r2023-02-23 00:00:00w2023-02-23yMONOGRAFIA